Statistics for Biggest Cities in Pakistan

Click here to take the quiz!

General Stats

  • This quiz has been taken 78 times
    (12 since last reset)
  • The average score is 9 of 20

Answer Stats

Population Answer % Correct
1,009,832Islamabad
100%
14,916,456Karachi
100%
11,126,285Lahore
100%
1,970,042Peshawar
91%
3,204,726Faisalabad
82%
2,098,231Rawalpindi
82%
1,734,309Hyderabad
82%
2,027,001 Gujranwala
64%
1,871,843 Multan
64%
1,001,205Quetta
64%
420,419Rahimyar Khan
18%
762,111Bahawalpur
18%
655,852Sialkot
18%
499,900Sukkur
9%
390,533Gujrat
9%
490,508Larkana
0%
473,129Sheikhupura
0%
659,862Sargodha
0%
414,131Jhang
0%
399,064Dera Ghazi Khan
0%

Score Distribution

Percentile by Number Answered

Percent of People with Each Score

Your Score History

You have not taken this quiz since the last reset